Sudden Death - Alle ESC-Gewinner - Statistiken

Allgemein
  • Dieses Quiz wurde 907 mal gespielt
    52 seit der letzten Aktualisierung
  • Das Durchschnittsergebnis liegt bei 15 aus 28
Answers on the Grid
Answers color-coded by a green-red scale on the quiz's grid according to % correct below.
Albanien🇦🇱
Andorra🇦🇩
Armenien🇦🇲
Australien🇦🇺
Belarus🇧🇾
Belgien🇧🇪
Bosnien-Herzegowina🇧🇦
Bulgarien🇧🇬
Dänemark🇩🇰
Deutschland🇩🇪
Estland🇪🇪
Finnland🇫🇮
Frankreich🇫🇷
Georgien🇬🇪
Griechenland🇬🇷
Vereinigtes Königreich🇬🇧
Irland🇮🇪
Island🇮🇸
Israel🇮🇱
Italien🇮🇹
Jugoslawien
Kroatien🇭🇷
Lettland🇱🇻
Litauen🇱🇹
Luxemburg🇱🇺
Malta🇲🇹
Marokko🇲🇦
Moldau🇲🇩
Monaco🇲🇨
Montenegro🇲🇪
Niederlande🇳🇱
Nordmazedonien🇲🇰
Norwegen🇳🇴
Österreich🇦🇹
Polen🇵🇱
Portugal🇵🇹
Rumänien🇷🇴
Russland🇷🇺
San Marino🇸🇲
Schweden🇸🇪
Schweiz🇨🇭
Serbien & Montenegro
Serbien🇷🇸
Slowakei🇸🇰
Slowenien🇸🇮
Spanien🇪🇸
Tschechien🇨🇿
Türkei🇹🇷
Ukraine🇺🇦
Ungarn🇭🇺
Zypern🇨🇾
Aserbaidschan🇦🇿
 
Antwortstatistiken
Antwort % Korrekt
Deutschland🇩🇪
82%
Österreich🇦🇹
76%
Vereinigtes Königreich🇬🇧
73%
Italien🇮🇹
67%
Schweden🇸🇪
67%
Ukraine🇺🇦
67%
Frankreich🇫🇷
64%
Niederlande🇳🇱
64%
Schweiz🇨🇭
64%
Finnland🇫🇮
61%
Portugal🇵🇹
58%
Spanien🇪🇸
58%
Irland🇮🇪
55%
Israel🇮🇱
55%
Luxemburg🇱🇺
55%
Dänemark🇩🇰
52%
Russland🇷🇺
52%
Griechenland🇬🇷
48%
Norwegen🇳🇴
48%
Aserbaidschan🇦🇿
45%
Bulgarien🇧🇬
45%
Belgien🇧🇪
39%
Türkei🇹🇷
39%
Monaco🇲🇨
30%
Serbien🇷🇸
30%
Estland🇪🇪
24%
Jugoslawien
24%
Lettland🇱🇻
18%
Keine übereinstimmenden Quizze gefunden
Verteilung der Resultate
Anzahl Personen mit jedem Resultat
Perzentil nach korrekt beantworteten Fragen
Ihre Resultats-Entwicklung
Sie haben dieses Quiz seit der letzten Aktualisierung nicht gespielt